New York City Landmarks With The Most Google Reviews - Statistics

General Stats
  • This quiz has been taken 54 times
  • The average score is 6 of 20
Answer Stats
# Landmark Rating % Correct
72.5k Empire State Building 4.7
96%
68.3k Statue of Liberty National Monument 4.7
87%
198.2k Central Park 4.8
81%
144.0k Times Square 4.7
79%
44.5k Brooklyn Bridge 4.8
42%
56.1k The Metropolitan Museum of Art 4.8
42%
51.8k 9/11 Memorial 4.8
37%
31.1k The Museum of Modern Art 4.6
37%
119.1k Rockefeller Center 4.7
35%
25.5k Madison Square Garden 4.7
33%
34.2k Yankee Stadium 4.6
17%
23.7k Bronx Zoo 4.5
12%
24.6k St. Patrick's Cathedral 4.8
10%
39.4k The High Line 4.7
8%
43.8k Battery Park 4.6
4%
55.1k Bryant Park 4.7
4%
26.2k Intrepid Sea, Air & Space Museum 4.6
2%
26.6k Brooklyn Bridge Park 4.8
0%
19.1k Castle Clinton National Monument 4.4
0%
19.7k Queens Center 4.4
0%
No matching quizzes found
Score Distribution
Percent of People with Each Score
Percentile by Number Answered
Your Score History
You have not taken this quiz